[Event "SR 2. liga A 2012/2013"]
[Site "?"]
[Date "2012.12.01"]
[Round "17.8"]
[White "Karas, Marek"]
[Black "Gasa, Patrik"]
[Result "1-0"]
[WhiteElo "1951"]
[BlackElo "1906"]
[PlyCount "49"]
[EventDate "2012.??.??"]
[WhiteTeam "DNV A"]
[BlackTeam "Osuske B"]

1. d4 d5 2. c4 c6 3. Nf3 Nf6 4. e3 e6 5. Bd3 Bd6 6. O-O O-O 7. b3 Nbd7 8. Bb2
Re8 9. Ne5 h6 10. f4 c5 11. Nc3 a6 12. Qf3 Nb6 13. g4 dxc4 14. bxc4 cxd4 15.
exd4 Be7 16. Qe3 Nfd7 17. Rae1 Bh4 18. Re2 Nxe5 19. fxe5 Qc7 20. Ne4 Be7 21.
Nf6+ Bxf6 22. exf6 Nxc4 23. Qe4 g6 24. Rc1 b5 25. Qxa8 1-0

[Event "SR 2. liga A 2012/2013"]
[Site "?"]
[Date "2012.12.01"]
[Round "18.1"]
[White "Federic, Jozef"]
[Black "Berczes, Csaba"]
[Result "0-1"]
[WhiteElo "2299"]
[BlackElo "2388"]
[PlyCount "134"]
[EventDate "2012.??.??"]
[WhiteTeam "Modra B"]
[BlackTeam "Gabcikovo"]

1. Nf3 Nf6 2. g3 d5 3. d4 e6 4. c4 Be7 5. Bg2 O-O 6. O-O b6 7. Nc3 Bb7 8. Ne5
Na6 9. Qa4 Qe8 10. Qxe8 Rfxe8 11. Rd1 Ne4 12. cxd5 exd5 13. Bf4 Bf8 14. Nxe4
dxe4 15. Rac1 Bd5 16. a3 f6 17. Nc4 Rad8 18. h4 c5 19. dxc5 Nxc5 20. b4 Ne6 21.
Be3 Bb7 22. Bh3 Kf7 23. Kf1 Ba6 24. Ke1 Rxd1+ 25. Kxd1 Rd8+ 26. Ke1 Be7 27. Nd2
Nd4 28. Nxe4 Nxe2 29. Rc7 Nd4 30. Bxd4 Rxd4 31. Bg2 Ke6 32. Nc3 Bd6 33. Rxa7
Bc4 34. Bh3+ f5 35. Rxg7 Rd3 36. Nd1 Rxa3 37. Ne3 Bxb4+ 38. Kd1 Bd3 39. Rc7
Ra1+ 40. Rc1 Rxc1+ 41. Kxc1 Ke5 42. f4+ Ke4 43. Nxf5 Kf3 44. h5 Be1 45. g4 Kxf4
46. Kd1 Bc3 47. Bg2 b5 48. Bd5 Kxg4 49. Nd6 Kxh5 50. Be4 Bxe4 51. Nxe4 b4 52.
Ke2 Kg4 53. Kf2 h5 54. Kg2 Kf4 55. Nc5 Ke3 56. Kh3 Be1 57. Kg2 Kd4 58. Nb3+ Kc4
59. Na5+ Kb5 60. Nb3 Bc3 61. Kf3 Bf6 62. Ke4 Kc4 63. Na5+ Kc3 64. Kf5 Bd8 65.
Nb7 Bb6 66. Nd6 b3 67. Ne4+ Kd3 0-1

[Event "SR 2. liga A 2012/2013"]
[Site "?"]
[Date "2012.12.01"]
[Round "18.2"]
[White "Janko, Michal"]
[Black "Banas, Kamil"]
[Result "1/2-1/2"]
[WhiteElo "2294"]
[BlackElo "2228"]
[PlyCount "90"]
[EventDate "2012.??.??"]
[WhiteTeam "Gabcikovo"]
[BlackTeam "Modra B"]

1. d4 Nf6 2. c4 c5 3. Nf3 cxd4 4. Nxd4 e5 5. Nb5 d5 6. cxd5 Bc5 7. N5c3 O-O 8.
h3 e4 9. g4 Qe7 10. Bg2 e3 11. Bxe3 Bxe3 12. fxe3 Qxe3 13. Qd3 Qb6 14. Nd2 Na6
15. O-O-O Nb4 16. Qg3 Bd7 17. Kb1 Rac8 18. e4 Bb5 19. Bf1 Bxf1 20. Rhxf1 Nd7
21. Nb3 Rfe8 22. Qf2 Qg6 23. Qf5 Ne5 24. a3 Nbd3 25. Qxg6 hxg6 26. Nb5 Red8 27.
Nxa7 Rc4 28. Nd2 Ra4 29. Nb5 Ra5 30. Nc3 Rc8 31. Nb3 Rxa3 32. bxa3 Rxc3 33. Nc1
Nc5 34. d6 Rxa3 35. Rd5 Ned7 36. e5 Rxh3 37. Rfd1 Ne4 38. R1d3 Rh2 39. Re3 Nec5
40. Nb3 Ne6 41. Nd4 Nf4 42. Rb5 b6 43. e6 fxe6 44. Nxe6 Nxe6 45. Rxe6 Rd2
1/2-1/2

[Event "SR 2. liga A 2012/2013"]
[Site "?"]
[Date "2012.12.01"]
[Round "18.4"]
[White "Janko, Ladislav"]
[Black "Mydlarik, Martin"]
[Result "1/2-1/2"]
[WhiteElo "2212"]
[BlackElo "2114"]
[PlyCount "82"]
[EventDate "2012.??.??"]
[WhiteTeam "Gabcikovo"]
[BlackTeam "Modra B"]

1. e4 e6 2. d4 d5 3. Nd2 c5 4. exd5 Qxd5 5. Ngf3 cxd4 6. Bc4 Qd6 7. O-O Nf6 8.
Nb3 Nc6 9. Nbxd4 Nxd4 10. Nxd4 Qc7 11. Bd3 a6 12. Re1 Bd6 13. h3 O-O 14. Qe2
Bd7 15. Bg5 Nd5 16. c3 Nf4 17. Bxf4 Bxf4 18. Rad1 g6 19. Nf3 Rad8 20. g3 Bh6
21. h4 Bg7 22. Ng5 h6 23. Nf3 Bc6 24. Be4 Bb5 25. Qe3 Rxd1 26. Rxd1 f5 27. Bc2
e5 28. Qd2 e4 29. Nd4 Bc4 30. Bb3 Rd8 31. Qc2 b5 32. Ne2 Be5 33. Rd2 Kg7 34.
Bxc4 bxc4 35. Nd4 Kf6 36. Qa4 e3 37. fxe3 Bxg3 38. Qxa6+ Rd6 39. Qa8 Rd8 40.
Qa6+ Rd6 41. Qa8 Rd8 1/2-1/2

[Event "SR 2. liga A 2012/2013"]
[Site "?"]
[Date "2012.12.01"]
[Round "18.5"]
[White "Mruskovic, Radoslav"]
[Black "Dvorsky, Jozef"]
[Result "1/2-1/2"]
[WhiteElo "1977"]
[BlackElo "2020"]
[PlyCount "76"]
[EventDate "2012.??.??"]
[WhiteTeam "Modra B"]
[BlackTeam "Gabcikovo"]

1. d4 d5 2. c4 e6 3. Nc3 Nf6 4. Nf3 Be7 5. g3 O-O 6. Bg2 c6 7. O-O Nbd7 8. Qc2
dxc4 9. e4 b5 10. a3 Bb7 11. Re1 a5 12. Bf4 Re8 13. Rad1 Qb6 14. Be3 Qa6 15.
Re2 c5 16. Red2 b4 17. e5 bxc3 18. exf6 cxd2 19. fxe7 Rxe7 20. dxc5 Bd5 21. Ng5
g6 22. Bxd5 exd5 23. Qxd2 Nf6 24. Nf3 Rd8 25. Bd4 Ne4 26. Qf4 Rde8 27. Ne5 Qe6
28. f3 Nxc5 29. Bxc5 Qxe5 30. Bxe7 Rxe7 31. Qxe5 Rxe5 32. Kf2 h5 33. f4 Rf5 34.
Ke3 g5 35. fxg5 Rxg5 36. Kd4 h4 37. Kc5 hxg3 38. hxg3 Rxg3 1/2-1/2

[Event "SR 2. liga A 2012/2013"]
[Site "?"]
[Date "2012.12.01"]
[Round "18.6"]
[White "Kosar, Mikulas"]
[Black "Sustak, Roman"]
[Result "1-0"]
[WhiteElo "1968"]
[BlackElo "1917"]
[PlyCount "39"]
[EventDate "2012.??.??"]
[WhiteTeam "Gabcikovo"]
[BlackTeam "Modra B"]

1. e4 d6 2. d4 g6 3. Bc4 Bg7 4. Nf3 Nf6 5. Nc3 O-O 6. O-O a6 7. a4 Nbd7 8. e5
dxe5 9. dxe5 Ng4 10. e6 Nde5 11. exf7+ Nxf7 12. Bxf7+ Kxf7 13. Qe2 Kg8 14. h3
Nf6 15. Rd1 Qe8 16. Qc4+ Qf7 17. Qxc7 Ne8 18. Qc5 Be6 19. Ng5 Rc8 20. Qe3 1-0

[Event "SR 2. liga A 2012/2013"]
[Site "?"]
[Date "2012.12.01"]
[Round "18.7"]
[White "Hlubovic, Michal"]
[Black "Puobis, Jozef"]
[Result "0-1"]
[WhiteElo "1834"]
[BlackElo "1910"]
[PlyCount "80"]
[EventDate "2012.??.??"]
[WhiteTeam "Modra B"]
[BlackTeam "Gabcikovo"]

1. g3 e5 2. e4 Nc6 3. Bg2 Nf6 4. d3 d6 5. Ne2 Bg4 6. h3 Be6 7. O-O Qd7 8. Kh2
d5 9. f4 dxe4 10. dxe4 O-O-O 11. Qxd7+ Rxd7 12. c3 Bc4 13. Re1 Bc5 14. Na3 Bd3
15. fxe5 Nxe5 16. Nf4 h5 17. Nd5 Nfg4+ 18. Kh1 Nf2+ 19. Kg1 Nxh3+ 20. Kh2 Nf2
21. b4 Neg4+ 22. Kg1 Nh3+ 23. Kh1 Bf2 24. Rd1 Bxg3 25. Bxh3 Bxe4+ 26. Bg2 Nf2+
27. Kg1 Bxg2 28. c4 Bxd5 29. Rxd5 Rxd5 30. cxd5 Rd8 31. Be3 Ng4 32. Bd4 f6 33.
Bc5 Rxd5 34. Nb5 a6 35. Nc3 Rd3 36. Ne4 b6 37. Bf8 Be5 38. Rc1 f5 39. Ng5 Rg3+
40. Kf1 Nh2+ 0-1

[Event "SR 2. liga A 2012/2013"]
[Site "?"]
[Date "2012.12.01"]
[Round "18.8"]
[White "Kubica, Adrian"]
[Black "Horvath, Marek"]
[Result "1/2-1/2"]
[WhiteElo "1845"]
[BlackElo "1830"]
[PlyCount "27"]
[EventDate "2012.??.??"]
[WhiteTeam "Gabcikovo"]
[BlackTeam "Modra B"]

1. e4 d5 2. exd5 Qxd5 3. Nc3 Qa5 4. Nf3 c6 5. d4 Nf6 6. Bc4 e6 7. O-O Bd6 8.
Bd2 Qc7 9. Re1 O-O 10. Ne4 Be7 11. Nxf6+ Bxf6 12. Bg5 Nd7 13. Bxf6 Nxf6 14. c3
1/2-1/2

[Event "SR 2. liga A 2012/2013"]
[Site "?"]
[Date "2012.12.02"]
[Round "19.1"]
[White "Janos, Martin"]
[Black "Kundrik, Peter"]
[Result "1/2-1/2"]
[WhiteElo "2230"]
[BlackElo "2248"]
[PlyCount "28"]
[EventDate "2012.??.??"]
[WhiteTeam "DP BA"]
[BlackTeam "Piestany"]

1. e4 c5 2. Nf3 Nc6 3. Bc4 g6 4. O-O Bg7 5. Nc3 d6 6. h3 Na5 7. Bb5+ Bd7 8. d4
Bxb5 9. Nxb5 a6 10. Nc3 cxd4 11. Nxd4 Nf6 12. Qd3 Rc8 13. b3 O-O 14. Bb2 Nc6
1/2-1/2

[Event "SR 2. liga A 2012/2013"]
[Site "?"]
[Date "2012.12.02"]
[Round "19.2"]
[White "Abel, Peter"]
[Black "Certek, Pavel"]
[Result "0-1"]
[WhiteElo "2194"]
[BlackElo "2315"]
[PlyCount "144"]
[EventDate "2012.??.??"]
[WhiteTeam "Piestany"]
[BlackTeam "DP BA"]

1. c4 Nf6 2. Nc3 d5 3. cxd5 Nxd5 4. g3 g6 5. Bg2 Nb6 6. Nf3 Bg7 7. h4 h6 8. d3
Nc6 9. Be3 e5 10. Qc1 Nd4 11. Ne4 Nd5 12. Bxd4 exd4 13. Qc5 Ne7 14. Rc1 Nc6 15.
a3 a5 16. O-O f5 17. Ned2 Qe7 18. b4 Qxc5 19. bxc5 O-O 20. Rc2 Re8 21. Nc4 Bf8
22. Nb2 Be6 23. Nd2 Bf7 24. Re1 Ra7 25. Na4 Ne5 26. Rb1 c6 27. Kf1 Re7 28. Rcb2
Rc7 29. Nf3 Nd7 30. Rc2 Bg7 31. Rcb2 Bf6 32. Nd2 Kg7 33. Rc2 g5 34. hxg5 hxg5
35. Nc4 Be6 36. f4 gxf4 37. gxf4 Bxc4 38. Rxc4 Nf8 39. Kf2 Ng6 40. Bh3 Nxf4 41.
Bxf5 Ra8 42. Rg1+ Kf7 43. Nb6 Rh8 44. Kf3 Nh3 45. Rg3 Ng5+ 46. Kg2 Re7 47. Rc2
Ne6 48. Nc4 Kf8 49. Bxe6 Rxe6 50. Nd6 Be5 51. Rf3+ Kg8 52. Nf5 Rh5 53. Rb2 Rh7
54. Rc2 Rg6+ 55. Kf2 Rh2+ 56. Ke1 Rg1+ 57. Rf1 Rxf1+ 58. Kxf1 Rh5 59. Ne7+ Kf7
60. Nc8 Ke6 61. Kg2 Bc7 62. Nb6 Bxb6 63. cxb6 Rb5 64. Rc4 Kd5 65. Ra4 c5 66.
Kf3 Kc6 67. e4 Rb3 68. Ke2 Rb2+ 69. Ke1 Kxb6 70. Rc4 Rb3 71. Kd2 Rxa3 72. e5
Ra2+ 0-1

[Event "SR 2. liga A 2012/2013"]
[Site "?"]
[Date "2012.12.02"]
[Round "19.3"]
[White "Kleman, Miroslav"]
[Black "Mihalik, Marek"]
[Result "1-0"]
[WhiteElo "2187"]
[BlackElo "2019"]
[PlyCount "66"]
[EventDate "2012.??.??"]
[WhiteTeam "DP BA"]
[BlackTeam "Piestany"]

1. Nf3 d5 2. e3 Nf6 3. b3 e6 4. Bb2 Be7 5. g3 O-O 6. Bg2 b6 7. O-O Bb7 8. d3
Nbd7 9. Qe2 Re8 10. c4 Bd6 11. Nc3 a6 12. Rfd1 Qe7 13. a3 Rab8 14. Qc2 Ba8 15.
cxd5 exd5 16. Ne2 Ne5 17. Nxe5 Bxe5 18. Bxe5 Qxe5 19. Rac1 Re7 20. b4 Ne8 21.
Nd4 g6 22. Rd2 c5 23. Nf3 Qf6 24. bxc5 bxc5 25. Qa4 Rc7 26. Rdc2 Rbc8 27. Nd2
Bc6 28. Qa5 Bb5 29. d4 Qd6 30. a4 Bc4 31. Bh3 Rb8 32. Nxc4 dxc4 33. Rxc4 Rcb7
1-0

[Event "SR 2. liga A 2012/2013"]
[Site "?"]
[Date "2012.12.02"]
[Round "19.4"]
[White "Manak, Jozef"]
[Black "Janos, Jozef"]
[Result "1/2-1/2"]
[WhiteElo "2020"]
[BlackElo "2152"]
[PlyCount "104"]
[EventDate "2012.??.??"]
[WhiteTeam "Piestany"]
[BlackTeam "DP BA"]

1. e4 c5 2. Nf3 e6 3. d4 cxd4 4. Nxd4 a6 5. Nc3 Qc7 6. g3 Nf6 7. Bg2 Be7 8. O-O
O-O 9. a4 Nc6 10. Kh1 d6 11. Be3 Bd7 12. f4 Na5 13. Bg1 Rac8 14. Nde2 Rfd8 15.
Qd4 Nc6 16. Qb6 Qb8 17. a5 Rf8 18. Qb3 Na7 19. Rfd1 Bc6 20. Nd4 Nd7 21. Na4 Nb5
22. Nxb5 Bxb5 23. Nb6 Nxb6 24. Bxb6 Rc6 25. c3 Qc8 26. Qc2 Bd8 27. Bd4 Re8 28.
e5 d5 29. Qf2 Bc4 30. Rg1 Be7 31. b4 Bd3 32. Qd2 Bg6 33. h3 Qd8 34. Raf1 Be4
35. Bxe4 dxe4 36. Qe3 Qd5 37. Re1 Rc4 38. Qxe4 Bxb4 39. Qxd5 exd5 40. cxb4 Rxd4
41. Rd1 Rxb4 42. Rxd5 Rc8 43. Rgd1 g6 44. Rd8+ Rxd8 45. Rxd8+ Kg7 46. Kg2 h5
47. Kf3 Rb3+ 48. Kf2 Rb5 49. Rd7 Kf8 50. g4 Rxa5 51. gxh5 gxh5 52. Rxb7 Ra3
1/2-1/2

[Event "SR 2. liga A 2012/2013"]
[Site "?"]
[Date "2012.12.02"]
[Round "19.5"]
[White "Tepper, Frantisek"]
[Black "Stepanovic, Branislav"]
[Result "1-0"]
[WhiteElo "2162"]
[BlackElo "1992"]
[PlyCount "70"]
[EventDate "2012.??.??"]
[WhiteTeam "DP BA"]
[BlackTeam "Piestany"]

1. e4 c5 2. Nf3 d6 3. Bc4 Nf6 4. Nc3 e6 5. d4 cxd4 6. Nxd4 a6 7. a4 Be7 8. Bb3
Nbd7 9. Bxe6 fxe6 10. Nxe6 Qa5 11. Bd2 Nxe4 12. Nxg7+ Kf7 13. Nxe4 Qe5 14. Qh5+
Qxh5 15. Nxh5 Re8 16. O-O-O Nc5 17. Nhg3 Nxe4 18. Nxe4 d5 19. Nc3 d4 20. Ne4
Bd7 21. Bf4 Bxa4 22. Rxd4 Bc6 23. f3 Kg8 24. Rhd1 Kg7 25. Be5+ Kg6 26. f4 Rad8
27. g4 Rxd4 28. Rxd4 Bd8 29. f5+ Kf7 30. Nd6+ Ke7 31. g5 Bb6 32. Rh4 Be3+ 33.
Kb1 Rg8 34. Rxh7+ Kd8 35. g6 Bg5 1-0

[Event "SR 2. liga A 2012/2013"]
[Site "?"]
[Date "2012.12.02"]
[Round "19.6"]
[White "Bincik, Pavol"]
[Black "Fabry, Robert"]
[Result "1/2-1/2"]
[WhiteElo "1937"]
[BlackElo "2165"]
[PlyCount "49"]
[EventDate "2012.??.??"]
[WhiteTeam "Piestany"]
[BlackTeam "DP BA"]

1. d4 Nf6 2. c4 e6 3. Nc3 d5 4. Bg5 Nbd7 5. Nf3 c6 6. e3 Qa5 7. Nd2 Bb4 8. Qc2
O-O 9. Bxf6 Nxf6 10. Rc1 e5 11. dxe5 Ng4 12. a3 Bxc3 13. Qxc3 Qxc3 14. Rxc3
Nxe5 15. cxd5 cxd5 16. Be2 Rd8 17. Nb3 Bd7 18. O-O Rac8 19. Rfc1 Rxc3 20. Rxc3
Rc8 21. Rxc8+ Bxc8 22. Kf1 Kf8 23. Ke1 Ke7 24. Kd2 Kd6 25. Kc3 1/2-1/2

[Event "SR 2. liga A 2012/2013"]
[Site "?"]
[Date "2012.12.02"]
[Round "19.7"]
[White "Mikulas, Dusan"]
[Black "Nemsak, Denis"]
[Result "1-0"]
[WhiteElo "2102"]
[BlackElo "1873"]
[PlyCount "49"]
[EventDate "2012.??.??"]
[WhiteTeam "DP BA"]
[BlackTeam "Piestany"]

1. e4 d5 2. exd5 Nf6 3. d4 Nxd5 4. c4 Nb6 5. Nf3 g6 6. Nc3 Bg7 7. h3 O-O 8. Be3
Nc6 9. Rc1 e5 10. d5 Ne7 11. Qd2 Nf5 12. c5 Nd7 13. Bc4 a6 14. O-O b5 15. Bb3
Rb8 16. Ne4 Nf6 17. Nxf6+ Bxf6 18. g4 Nxe3 19. fxe3 e4 20. Nd4 Bb7 21. d6 Be5
22. Qf2 Qg5 23. c6 cxd6 24. cxb7 Rxb7 25. Ne6 1-0

[Event "SR 2. liga A 2012/2013"]
[Site "?"]
[Date "2012.12.02"]
[Round "19.8"]
[White "Curidlo, Jan"]
[Black "Kolman, Richard"]
[Result "1/2-1/2"]
[WhiteElo "1880"]
[BlackElo "2067"]
[PlyCount "99"]
[EventDate "2012.??.??"]
[WhiteTeam "Piestany"]
[BlackTeam "DP BA"]

1. e4 c5 2. Nf3 e6 3. d4 cxd4 4. Nxd4 Nf6 5. Nc3 Bb4 6. Bd3 e5 7. Nb3 d5 8. Bd2
Nc6 9. exd5 Nxd5 10. Nxd5 Qxd5 11. O-O Be6 12. Qe2 Bxd2 13. Nxd2 O-O-O 14. Rfd1
f6 15. Be4 Qc5 16. c3 Rd6 17. Nb3 Bxb3 18. axb3 Rxd1+ 19. Rxd1 g6 20. b4 Qb6
21. Qc4 Rd8 22. Qe6+ Kc7 23. Rxd8 Nxd8 24. Qe7+ Kc8 25. Qxh7 f5 26. Bd5 a5 27.
Qe7 e4 28. Qc5+ Qxc5 29. bxc5 Kc7 30. b3 Nc6 31. Kf1 Ne5 32. f3 exf3 33. gxf3
Nd3 34. Bf7 Ne5 35. Bd5 Nd3 36. Bg8 Nxc5 37. b4 axb4 38. cxb4 Nd3 39. h4 Kd6
40. Bh7 Nf4 41. h5 gxh5 42. Bxf5 Ke5 43. Be4 Nd5 44. Kf2 b6 45. b5 h4 46. Kg2
Nf4+ 47. Kf2 Kd4 48. Bc6 Kd3 49. Be4+ Kd2 50. Bf5 1/2-1/2

[Event "SR 2. liga A 2012/2013"]
[Site "?"]
[Date "2012.12.02"]
[Round "20.1"]
[White "Rohacek, Miroslav"]
[Black "Drtina, Milan"]
[Result "1-0"]
[WhiteElo "2308"]
[BlackElo "2202"]
[PlyCount "129"]
[EventDate "2012.??.??"]
[WhiteTeam "KSN"]
[BlackTeam "Trnava B"]

1. d4 d5 2. Nf3 c6 3. g3 Nf6 4. Bg2 Bf5 5. O-O e6 6. Nbd2 h6 7. c4 Be7 8. b3
O-O 9. Bb2 Nbd7 10. Ne5 Bh7 11. e3 Ne4 12. Nxe4 Bxe4 13. f3 Bh7 14. Nd3 Bf6 15.
Qd2 Re8 16. Rac1 dxc4 17. bxc4 e5 18. Nf2 exd4 19. exd4 Nb6 20. Rfd1 Qe7 21.
Ng4 Qe2 22. Nxf6+ gxf6 23. Ba3 Re3 24. Bd6 Rae8 25. d5 Qxd2 26. Rxd2 Re1+ 27.
Rxe1 Rxe1+ 28. Kf2 Rc1 29. Bf4 Rxc4 30. d6 Rc2 31. Bh3 Rxd2+ 32. Bxd2 Kf8 33.
Bxh6+ Ke8 34. Be3 f5 35. g4 Kd7 36. Bc5 Na4 37. Bxa7 fxg4 38. fxg4 Kxd6 39. Bg2
Nc3 40. Bb8+ Kc5 41. a3 Nb1 42. a4 Kb4 43. Ke3 Nc3 44. Kd4 Nxa4 45. Be4 c5+ 46.
Ke3 Bxe4 47. Kxe4 c4 48. Bf4 Nc5+ 49. Kf5 Ka4 50. h4 b5 51. h5 Ne6 52. Be5 b4
53. Kf6 c3 54. Kxf7 Ng5+ 55. Kg6 Ne4 56. h6 b3 57. h7 b2 58. h8=Q b1=Q 59. Qa8+
Kb3 60. Qb7+ Ka2 61. Qd5+ Kb2 62. Kg7 Qe1 63. Qd3 Nc5 64. Qb5+ Nb3 65. g5 {cas}
1-0

[Event "SR 2. liga A 2012/2013"]
[Site "?"]
[Date "2012.12.02"]
[Round "20.2"]
[White "Arendas, Marek"]
[Black "Kovac, Andrej"]
[Result "0-1"]
[WhiteElo "2085"]
[BlackElo "2148"]
[PlyCount "120"]
[EventDate "2012.??.??"]
[WhiteTeam "Trnava B"]
[BlackTeam "KSN"]

1. e4 e6 2. d4 d5 3. exd5 exd5 4. Nf3 Bd6 5. Bd3 Nc6 6. c3 Nge7 7. Bg5 Bg4 8.
Nbd2 Qd7 9. h3 Bh5 10. g4 Bg6 11. Bxg6 hxg6 12. Qe2 f6 13. Bh4 O-O-O 14. O-O-O
g5 15. Bg3 Ng6 16. Rde1 Rde8 17. Qd1 Ref8 18. Qe2 Nd8 19. Qd3 Rh6 20. Nf1 Ne6
21. Kb1 Ngf4 22. Qe3 Rfh8 23. Ng1 g6 24. Qf3 Qb5 25. Kc2 Re8 26. Bxf4 Nxf4 27.
Rxe8+ Qxe8 28. b3 Rh7 29. Ne3 Qb5 30. Qd1 Qa6 31. Kb1 c6 32. Qc2 Qd3 33. b4 Qb5
34. Nf3 a5 35. a3 axb4 36. axb4 b6 37. h4 gxh4 38. Rxh4 Ra7 39. Rh8+ Kb7 40.
Rh7+ Bc7 41. Nd2 Nd3 42. Nd1 Ne1 43. Qxg6 Qe2 44. Nb2 Qxd2 45. Re7 Nc2 46.
Rxc7+ Kxc7 47. Qg7+ Kb8 48. Qg8+ Kb7 49. Qh7+ Ka6 50. Qxc2 Qxc2+ 51. Kxc2 Rh7
52. Kd2 Rh2 53. Ke2 Kb5 54. Kf1 Rh3 55. Nd1 Rh1+ 56. Ke2 Kc4 57. Kd2 Rxd1+ 58.
Kxd1 Kxc3 59. f4 Kxd4 60. f5 Ke5 0-1

[Event "SR 2. liga A 2012/2013"]
[Site "?"]
[Date "2012.12.02"]
[Round "20.3"]
[White "Kralovic, Andrej"]
[Black "Hertel, Ondrej"]
[Result "1-0"]
[WhiteElo "2139"]
[BlackElo "2079"]
[PlyCount "129"]
[EventDate "2012.??.??"]
[WhiteTeam "KSN"]
[BlackTeam "Trnava B"]

1. c4 e6 2. Nc3 d5 3. d4 Nf6 4. cxd5 exd5 5. Bg5 Be7 6. e3 c6 7. Qc2 Nbd7 8.
Bd3 h6 9. Bh4 O-O 10. Nge2 Re8 11. O-O Ne4 12. Bxe7 Qxe7 13. Bxe4 dxe4 14. Ng3
Nf6 15. Na4 h5 16. h3 h4 17. Ne2 g5 18. Qc5 Nd5 19. Qxe7 Rxe7 20. a3 f5 21.
Nec3 Be6 22. Rac1 Rd8 23. Kh2 Kg7 24. Rfe1 Bf7 25. Nc5 Bg6 26. b4 a6 27. Nxd5
Rxd5 28. a4 f4 29. Rb1 fxe3 30. fxe3 Rf5 31. Kg1 Be8 32. Rf1 Rd5 33. a5 Bg6 34.
Rb2 Rf5 35. Rbf2 Rxf2 36. Rxf2 Bh7 37. Kh2 Bg6 38. g3 Bh5 39. gxh4 gxh4 40. Rf4
Bf3 41. Rxh4 Kg8 42. Kg3 Rg7+ 43. Kf4 Rg1 44. Nxb7 Rb1 45. Nd8 Rxb4 46. Nxc6
Rb5 47. Rh6 Kg7 48. Rd6 Bg2 49. h4 Bf3 50. Ne5 Be2 51. Rxa6 Bd3 52. Ra7+ Kh6
53. Kf5 Rd5 54. Ke6 Rb5 55. d5 Bc2 56. d6 Bb3+ 57. Kf6 Rd5 58. d7 Rd6+ 59. Kf5
Bd5 60. Ra6 Be6+ 61. Kf4 Rxa6 62. d8=Q Bf5 63. Qg5+ Kh7 64. Qxf5+ Kh8 65. Qc8+
1-0

[Event "SR 2. liga A 2012/2013"]
[Site "?"]
[Date "2012.12.02"]
[Round "20.4"]
[White "Doucha, Ludvik"]
[Black "Kimerling, Martin"]
[Result "0-1"]
[WhiteElo "2072"]
[BlackElo "2027"]
[PlyCount "92"]
[EventDate "2012.??.??"]
[WhiteTeam "Trnava B"]
[BlackTeam "KSN"]

1. e4 d6 2. d4 Nf6 3. Nc3 g6 4. f4 Bg7 5. Nf3 c5 6. d5 O-O 7. Be2 b5 8. e5 dxe5
9. fxe5 Ng4 10. Nxb5 Nxe5 11. O-O a6 12. Na3 Nbd7 13. Nxe5 Nxe5 14. Nc4 Nxc4
15. Bxc4 Bb7 16. c3 Qd6 17. Qb3 Rab8 18. Bf4 Be5 19. Bxe5 Qxe5 20. Rae1 Qd6 21.
Rd1 Bc8 22. Qc2 Bf5 23. Qe2 Rb6 24. b3 h5 25. Rde1 Re8 26. a4 e5 27. a5 Rbb8
28. Bxa6 Rxb3 29. Bb5 Ra8 30. Qc4 Rb2 31. a6 Qb6 32. Bc6 Rxa6 33. Re2 Rxe2 34.
Qxe2 Bd3 35. Qxe5 c4+ 36. Kh1 Bxf1 37. Qe8+ Kg7 38. Qe5+ Kh7 39. Qf6 Ra7 40.
Qxf1 Qb2 41. Ba4 Qxc3 42. Bd1 f5 43. h3 Ra1 44. Qe2 Qd4 45. Qe7+ Kh6 46. Qf8+
Qg7 0-1

[Event "SR 2. liga A 2012/2013"]
[Site "?"]
[Date "2012.12.02"]
[Round "20.5"]
[White "Sebo, Viktor"]
[Black "Liptak, Dusan"]
[Result "1-0"]
[WhiteElo "2073"]
[BlackElo "2060"]
[PlyCount "43"]
[EventDate "2012.??.??"]
[WhiteTeam "KSN"]
[BlackTeam "Trnava B"]

1. e4 d6 2. d4 Nd7 3. Nc3 e5 4. Nf3 c6 5. Bc4 Be7 6. dxe5 dxe5 7. Nd5 cxd5 8.
Qxd5 Qb6 9. Qxf7+ Kd8 10. Ng5 Kc7 11. Be3 Qg6 12. h4 Bxg5 13. hxg5 Qxf7 14.
Bxf7 Ne7 15. g6 h6 16. Bg5 Ng8 17. f4 exf4 18. Bxf4+ Kd8 19. O-O-O Ngf6 20. e5
Ng4 21. e6 Nf2 22. Rhe1 1-0

[Event "SR 2. liga A 2012/2013"]
[Site "?"]
[Date "2012.12.02"]
[Round "20.6"]
[White "Puchart, Vladimir"]
[Black "Padysak, Tomas"]
[Result "1-0"]
[WhiteElo "2051"]
[BlackElo "2035"]
[PlyCount "101"]
[EventDate "2012.??.??"]
[WhiteTeam "Trnava B"]
[BlackTeam "KSN"]

1. d4 f5 2. c4 Nf6 3. g3 g6 4. Bg2 Bg7 5. Nc3 O-O 6. Nf3 d6 7. O-O Qe8 8. d5
Na6 9. Be3 Ng4 10. Bd4 Ne5 11. a3 Bd7 12. b4 c6 13. dxc6 bxc6 14. Nxe5 dxe5 15.
Be3 e4 16. Qc1 e5 17. Bh6 Bxh6 18. Qxh6 Be6 19. Rac1 Qf7 20. Rfd1 Rfd8 21. c5
Nc7 22. g4 Nd5 23. Nxd5 Bxd5 24. gxf5 gxf5 25. Rc3 Kh8 26. Rg3 Re8 27. Bh3 f4
28. Rg5 Rg8 29. Kf1 f3 30. e3 Qe7 31. Rg3 a5 32. Bf5 Raf8 33. Qh5 axb4 34. axb4
Bc4+ 35. Kg1 Bd5 36. Kh1 Rxg3 37. hxg3 Rg8 38. g4 Be6 39. Bxe6 Qxe6 40. Rd6
Qxg4 41. Qxe5+ Qg7 42. Qxg7+ Kxg7 43. Rxc6 Kf7 44. b5 Ke7 45. b6 h5 46. b7 Kd7
47. Ra6 Kc7 48. Ra8 Rb8 49. c6 h4 50. Rxb8 Kxb8 51. Kh2 1-0

[Event "SR 2. liga A 2012/2013"]
[Site "?"]
[Date "2012.12.02"]
[Round "20.7"]
[White "Sklars, Tomas"]
[Black "Stetina, Erik"]
[Result "0-1"]
[WhiteElo "2003"]
[BlackElo "2037"]
[PlyCount "42"]
[EventDate "2012.??.??"]
[WhiteTeam "KSN"]
[BlackTeam "Trnava B"]

1. e4 d6 2. d4 Nf6 3. Nc3 g6 4. Be2 Bg7 5. Be3 O-O 6. g4 Na6 7. h4 c5 8. g5 Ng4
9. Bxg4 Bxg4 10. f3 Bh5 11. Qd2 Qa5 12. Nce2 Nb4 13. c3 Nc6 14. dxc5 dxc5 15.
Nf4 Rfd8 16. Qe2 Bxc3+ 17. Kf2 Bd2 18. Ngh3 Bxe3+ 19. Kxe3 Ne5 20. Rhf1 Bxf3
21. Rxf3 Ng4# 0-1

[Event "SR 2. liga A 2012/2013"]
[Site "?"]
[Date "2012.12.02"]
[Round "20.8"]
[White "Sturdik, Igor"]
[Black "Sahidi, Samir"]
[Result "0-1"]
[WhiteElo "2027"]
[BlackElo "1674"]
[PlyCount "124"]
[EventDate "2012.??.??"]
[WhiteTeam "Trnava B"]
[BlackTeam "KSN"]

1. e4 Nf6 2. e5 Nd5 3. d4 e6 4. c4 Nb6 5. f4 d6 6. Nf3 dxe5 7. dxe5 Qxd1+ 8.
Kxd1 Nc6 9. Be3 Na4 10. a3 Nxb2+ 11. Kc2 Na4 12. Nc3 Nxc3 13. Kxc3 Be7 14. Bd3
b6 15. Be4 Bb7 16. c5 Na5 17. Bxb7 Nxb7 18. cxb6 axb6 19. Kb2 Bc5 20. Bxc5 Nxc5
21. g3 Ke7 22. Nd4 Ra4 23. Rhd1 Rha8 24. Nc6+ Ke8 25. Nb4 Rd8 26. Nc6 Rxd1 27.
Rxd1 Ra8 28. Rd4 Nb7 29. Ka2 Nd8 30. Rc4 Nxc6 31. Rxc6 Kd7 32. Rc2 b5 33. Rd2+
Kc8 34. Kb3 c6 35. Kb4 Kc7 36. Kb3 Ra4 37. Kb2 Re4 38. Kb3 Re3+ 39. Kb2 c5 40.
Ka2 c4 41. Rc2 Rd3 42. a4 Kc6 43. axb5+ Kxb5 44. Kb1 c3 45. Kc1 Rf3 46. Re2 Kc4
47. Kc2 Rd3 48. Re4+ Rd4 49. Re2 g6 50. Rf2 h5 51. Re2 Kb4 52. Rf2 Re4 53. Kd3
Re1 54. Ra2 Rd1+ 55. Ke2 Rd7 56. Ra8 c2 57. Rb8+ Kc3 58. Rc8+ Kb2 59. Rb8+ Kc1
60. h3 Rc7 61. g4 hxg4 62. hxg4 Rc4 0-1

[Event "SR 2. liga A 2012/2013"]
[Site "?"]
[Date "2012.12.02"]
[Round "21.1"]
[White "Takacs, Laszlo"]
[Black "Duben, Igor"]
[Result "1-0"]
[WhiteElo "2134"]
[BlackElo "2180"]
[PlyCount "109"]
[EventDate "2012.??.??"]
[WhiteTeam "D. Streda B"]
[BlackTeam "DNV B"]

1. e4 e6 2. d4 d5 3. Nc3 Nf6 4. Bg5 Be7 5. e5 Nfd7 6. h4 a6 7. Qg4 Bxg5 8. hxg5
c5 9. g6 f5 10. Qf4 h6 11. Nf3 Rf8 12. dxc5 Nxc5 13. O-O-O Nc6 14. Qe3 Qe7 15.
g3 Ne4 16. Ne2 Qc7 17. a3 Bd7 18. Nf4 O-O-O 19. Nd4 Rfe8 20. Nxc6 Bxc6 21. Qd4
Kb8 22. Kb1 Rc8 23. c3 Qa5 24. Rc1 Bb5 25. Nh5 Re7 26. f3 Nc5 27. Qb4 Bd3+ 28.
Bxd3 Qxb4 29. cxb4 Nxd3 30. Rxc8+ Kxc8 31. f4 b6 32. Kc2 Nf2 33. Rf1 Ng4 34.
Kd3 Rc7 35. Kd2 Kb7 36. Rc1 Re7 37. Ke2 Rd7 38. Kd3 d4 39. Rc2 Ne3 40. Rh2 Ng4
41. Re2 Ne3 42. Nf6 Rd8 43. Rh2 Nd1 44. Nh5 Rd7 45. Nxg7 Rxg7 46. Rxh6 Kc6 47.
Kxd4 Nxb2 48. g4 Rd7+ 49. Ke3 Nc4+ 50. Kf3 Rb7 51. gxf5 exf5 52. Kg3 Kd5 53.
Kh4 Nd2 54. Kh5 Ke6 55. Rh8 1-0